Регионална библиотека "Любен Каравелов" - Русе

Физиология на човека с физиология на спорта (Запис номер 57752)

MARC детайли
000 -Лидер
Контролно поле с фиксирана дължина 02021nam a2200373 c 4500
003 - Код на организацията, давaща контролен номер
Контролно поле BLK
005 - Дата и час на последна редакция
Контролно поле 20240216161019.0
008 - Елементи от данни с фиксирана дължина
fixed length control field 180408b bul|||||r ||||||| ||bul||
010 ## - Наследен системен номер
LC control number KNG00061760000
040 ## - Източник на каталожния запис
Идентификатор на билиотеката - собственик на записа BLK
041 ## - Код за език
Код за езика на текст/звукозапис или на отделно заглавие Български
Код за езика КДБФ Български
080 ## - УДК
Текстов определител УДК Физиология
УДК код - определител по УДК 612
УДК определител (075.8)
УДК - код + определител 612(075.8)
080 ## - УДК
Текстов определител УДК Физиология на движението. Биомеханика на човека - Скорост на движението, координация. Сложни движения, физиологични процеси при физическа работа;ергазология (учение за умората на д-р Досе), ергол
УДК код - определител по УДК 612.76
УДК определител (075.8)
УДК - код + определител 612.76(075.8)
100 1# - Редна дума - Автор
Автор Добрев, Добромир Атанасов
Авторска отговорност първи автор
R(LIN) 287838
139 ## - Редно поле
Редна дума Физиология на човека
Авторски знак Физ - Ф 47
245 10 - Сведения за заглавието
Заглавие Физиология на човека с физиология на спорта
Подзаглавни данни Учебник за студентите по физ. култура
Редно поле (дума) Добромир Атанасов Добрев; ред. Добромир Атанасов Добрев.
257 ## - Страна на издаване
Страна на създаване/издаване България
260 ## - Област на издателските данни
-- София
Име на издателя, разпространителя и проч. Медицина и физкултура
Година на издаване 1973
Печатница Пловдив : Д. Благоев
300 ## - Физическа характеристика
Страници 655 с.
Илюстрации и др. с ил.
Размери/Мащаб 23 см
380 ## - Жанр
Жанр Медицина
500 ## - Общи забележки
Забележка Авт. : Д. Добрев, В. Георгиев, В. Гаврийски, Д. Стефанова.- Библиогр. с. 647-648
650 #4 - Допълнително описание по предмет – тема
Основно описание – тема или топоним Физиология - учебници за ВУЗ
9 (RLIN) 246602
650 #4 - Допълнително описание по предмет – тема
Основно описание – тема или топоним Спорт - физиология
9 (RLIN) 287839
653 ## - Ключова дума – ненормативна
Ключова дума физиология
653 ## - Ключова дума – ненормативна
Ключова дума спорт
653 ## - Ключова дума – ненормативна
Ключова дума учебници за ВУЗ
700 1# - Други автори (авторска отговорност)
Лично име Добрев, Добромир Атанасов
Автороска отговорност (Описва отношението между автора и произведението) ред.
9 (RLIN) 369586
852 ## - Местоположение
Форматна сигнатура Цб 67556
856 4# - Електронен адрес и достъп
Електронен формат pdf - файл
Път до файла /url/
856 4# - Електронен адрес и достъп
Електронен формат pdf - файл
Път до файла /url/
942 ## - АРТИКУЛИ
Вид на библиотечния материал Книги
Скрит в OPAC Не
Koha issues (borrowed), all copies 2
944 ## - СЪЗДАВАНЕ И РЕДАКЦИЯ на ЗАПИСА
Създаване/Редакция Създаване
Дата на регистрацията/редакция 13.06.2004
Служител, извършил регистрацията/редакцията 30535
Статус, дата на статуса Христина Везирева
944 ## - СЪЗДАВАНЕ И РЕДАКЦИЯ на ЗАПИСА
Създаване/Редакция Редакция
Дата на регистрацията/редакция 16.03.2018
Служител, извършил регистрацията/редакцията Теодора_Стоянова
999 ## - СИСТЕМНИ КОНТРОЛНИ НОМЕРА
Koha biblionumber 57752
Koha biblioitemnumber 57752
Наличности
Код за отписване Код за изгубен артикул Източник на класификационната схема Код за повреда Коз за рестрикции Код за отдаване Артикулен № Име на библиотеката - собственик Име на библиотеката, в която се намира в момента Статус (Текущо местоположение) Дата на вписване в системата Местоположение - отдел Цена в лева Инвентарен номер Систематично азбучна сигнатура Баркод Номер на екземпляра Цена в евро Служебна бележка Служебен тип на артикула
Изтеглен Не е изгубен Universal Decimal Classification Не е повреден без рестрикции ползва се в читалня 94202 Регионална библиотека "Любен Каравелов" Русе Регионална библиотека "Любен Каравелов" Русе Читалня 1993-01-01 Читалня 2.61 141146 Ч 612/Ф 47 141146 1 1.33 Дата инв: 17.03.2017 Бележки инв: Ч2017 Книги
  Не е изгубен Universal Decimal Classification Не е повреден само за читалня ползва се в читалня 94203 Регионална библиотека "Любен Каравелов" Русе Регионална библиотека "Любен Каравелов" Русе Хранилище 1973-01-01 Хранилище 2.61 138606 Цб 67556 120000138606 2 1.33 Вид: Сф N: стар фонд Дата: 01.01.1973 Книги
Изтеглен Не е изгубен Universal Decimal Classification Не е повреден без рестрикции заемане за дома 94204 Регионална библиотека "Любен Каравелов" Русе Регионална библиотека "Любен Каравелов" Русе Заемна - подръчен фонд 1973-01-01 Заемна - подръчен фонд 2.61 141471 П 612/Ф 47 141471 3 1.33 Вид: Сф Дата: 01.01.1973 Книги
Vip Innovations Ltd, Rousse, Bulgaria 2025